| 000 | 00363nam a2200145Ia 4500 | ||
|---|---|---|---|
| 008 | 191201s2005 xx 000 0 und d | ||
| 082 |
_a512.94 _bDET |
||
| 100 | _aDEO, S G, Lakshmi Kanthan, V | ||
| 245 | 0 | _aText book of Ordinary Differential Equations | |
| 250 | _a2nd | ||
| 260 |
_aN.Delhi _bTMH _c2005 |
||
| 300 | _a303 | ||
| 650 | _aApplied | ||
| 942 |
_2ddc _cBK |
||
| 999 |
_c1586 _d1586 |
||